quizz snk de a-z ( hard )( attaque des titans ) - Statistiques

Statistiques générales
  • Ce quiz a été pris 157 fois
  • Le résultat moyen est 11 sur 26
Statistiques - réponses
indice lettre Réponse % Correct
evenement apocalyptique qui tua 80% de l'humanité g grand terrassement
86%
mère de Rose, Sina et Maria y ymir
74%
corp d'armée de d'Hitch, Marlowe et de Nile b brigades spéciales
72%
ennemi de paradis ( saison 1-3 ) t titan
71%
surnom donné au partisan d'Eren p pro-jager
64%
nom de famille d'Historia pendant les saison 1 et 2 l lenz
59%
conducteur de l'hydravion à la fin de l'animé o onyankopon
59%
v v v
59%
village de naissance de conny r ragako
58%
x x x
58%
objet utiliser par l'armée pour se déplacer sur paradis e équipement Tridimensionnel
55%
prénom d'un des frères de Lara Teyber w willy
54%
rôle de Keith Shardiz dans l'armée i instructeur
49%
nom de famille de Kiyomi a azumabito
47%
nom de famille du dirigeant de l'armée z zackley
39%
fille sauvée par sasha quand elle retourne dans son village k kaya
30%
religieux du culte du mur n nick
30%
capitale de paradis m mitras
28%
il etait le detenteur du titan originel de 829 à 842 u uli
25%
objet utilisé par Grisha pour se transformer avant de dérober le tien originel s scalpel
24%
tante d'Eren f faye
23%
seul pays allié de paradis h heazul
20%
dernier chapitre du manga ( chapitre + numéro ) c chapitre 139
19%
version de l'animé ou les personnages sont des écoliers j junior high school
14%
nom de famille de Nile et de Mary d dork
11%
district du mur maria q quinta
3%
Aucun quiz correspondant
Distribution des résultats
% des personnes avec chaque résultat
Percentile par nombre de réponses
Votre historique - résultats
Vous n’avez pas pris ce quiz